| 000 | 01059nam a22001937a 4500 | ||
|---|---|---|---|
| 008 | 170116b xxu||||| |||| 00| 0 eng d | ||
| 020 | _a9780538754484 | ||
| 050 |
_aQA76.5 _b.M67 2011 |
||
| 100 | _aMorley, Deborah | ||
| 245 |
_aUnderstanding computers in a changing society / _cDeborah Morley |
||
| 250 | _a4th ed. | ||
| 260 |
_aBoston, MA : _bCourse Technology, Cengage Learning, _c2011. |
||
| 300 |
_a1 volume (various pagings) : _bill. (chiefly color) ; _c27 cm |
||
| 500 | _a Introduction to the world of computers -- A closer look at hardware and software -- The internet and world wide web - - Network and internet security -- Computer security and privacy -- Intellectual property rights and ethics -- Health, access, and the environment -- Emerging technologies | ||
| 520 | _aPresents an integrated, well-balanced look at computers and technology, including the issues and concepts surrounding our constantly changing, computer-oriented society | ||
| 650 | _aComputers | ||
| 650 | _aElectronic data processing | ||
| 942 |
_2lcc _cBK |
||
| 999 |
_c47906 _d47906 |
||